| 000 | 00671nam a22001697a 4500 | ||
|---|---|---|---|
| 999 |
_c9695 _d9695 |
||
| 008 | 180714b ||||| |||| 00| 0 eng d | ||
| 082 |
_22018 _aUT 0916 _bB33 |
||
| 100 |
_928741 _aBatingal, Wenna Mae M. |
||
| 245 |
_aPerception on mobile marketing construct among DBA students/ _cWenna Mae M. Batingal, Kristine Joy C. Tormis and Sarrah Mae D. Payan. |
||
| 260 |
_aDigos City: _bUMDC _cApril 2018. |
||
| 300 |
_a67 pages; _b29 cm. |
||
| 650 | 0 |
_928742 _aBusiness Administration. _vMarketing Management _xUndergraduate thesis. |
|
| 700 |
_928743 _aBatingal, Wenna Mae M. |
||
| 700 |
_928745 _aTormis, Kristine Joy C. |
||
| 700 |
_928747 _aPayan, Sarrah Mae D. |
||
| 942 |
_2ddc _cUT |
||